[Event "Polgar Challenge 2021"]
[Site "Online"]
[Date "2021.04.04"]
[Round "3.5"]
[White "Saduakassova, Dinara"]
[Black "Murzin, Volodar"]
[Result "1/2-1/2"]
[WhiteElo "2500"]
[BlackElo "2478"]
[Annotator "ChessBase"]
[PlyCount "172"]
[EventDate "2021.04.08"]
[EventType "tourn"]
[EventCountry "NET"]
[SourceTitle "playchess.com"]
[Source "ChessBase"]
[SourceQuality "1"]
[TimeControl "600+5"]

1. d4 {[%emt 0:00:00]} Nf6 {[%emt 0:00:00]} 2. c4 {[%emt 0:00:00]} g6 {[%emt 0:00:00]} 3. g3 {[%emt 0:00:00]} Bg7 {[%emt 0:00:01]} 4. Bg2 {[%emt 0:00:00]} O-O {[%emt 0:00:01]} 5. Nc3 {[%emt 0:00:01]} d6 {[%emt 0:00:01]} 6. Nf3 {[%emt 0:00:01]} Nbd7 {[%emt 0:00:02]} 7. O-O {[%emt 0:00:01]} e5 {[%emt 0:00:01]} 8. e4 {[%emt 0:00:02]} a6 {[%emt 0:00:07]} 9. h3 {[%emt 0:00:23]} b5 {[%emt 0:00:03]} 10. dxe5 {[%emt 0:00:02]} dxe5 {[%emt 0:00:05]} 11. Be3 {[%emt 0:00:20]} b4 {[%emt 0:01:10]} 12. Nd5 {[%emt 0:00:50]} Rb8 {[%emt 0:00:38]} 13. Nxf6+ {[%emt 0:00:46]} Qxf6 {[%emt 0:00:05]} 14. Qd2 {[%emt 0:00:17]} Qe7 {[%emt 0:00:45]} 15. Rfd1 {[%emt 0:00:32]} Nc5 {[%emt 0:00:08]} 16. Qd5 {[%emt 0:02:12]} Na4 {[%emt 0:00:08]} 17. Rab1 {[%emt 0:02:20]} Nb6 {[%emt 0:05:18]} 18. Qc5 {[%emt 0:00:22]} Qxc5 {[%emt 0:00:15]} 19. Bxc5 {[%emt 0:00:02]} Re8 {[%emt 0:00:01]} 20. b3 {[%emt 0:00:55]} Bf8 {[%emt 0:00:05]} 21. Bxf8 {[%emt 0:00:32]} Kxf8 {[%emt 0:00:00]} 22. Ne1 {[%emt 0:00:01]} a5 {[%emt 0:00:32]} 23. Nd3 {[%emt 0:00:02]} Nd7 {[%emt 0:00:02]} 24. h4 {[%emt 0:00:05]} Ke7 {[%emt 0:00:07]} 25. Bh3 {[%emt 0:00:05]} f6 {[%emt 0:00:01]} 26. Bxd7 {[%emt 0:00:08]} Bxd7 {[%emt 0:00:04]} 27. Nc5 {[%emt 0:00:01]} Bc6 {[%emt 0:00:01]} 28. f3 {[%emt 0:00:03]} Red8 {[%emt 0:00:13]} 29. Kf2 {[%emt 0:00:02]} Rd6 {[%emt 0:00:15]} 30. Ke3 {[%emt 0:00:06]} Rbd8 {[%emt 0:00:08]} 31. Rd3 {[%emt 0:00:02]} f5 {[%emt 0:00:33]} 32. Rbd1 {[%emt 0:00:17]} h5 {[%emt 0:00:59]} 33. R1d2 {[%emt 0:00:25]} Rf8 {[%emt 0:00:11]} 34. Rd1 {[%emt 0:01:10]} Ra8 {[%emt 0:00:25]} 35. R1d2 {[%emt 0:00:14]} a4 {[%emt 0:00:11]} 36. Rxd6 {[%emt 0:00:12]} cxd6 {[%emt 0:00:01]} 37. Nd3 {[%emt 0:00:00]} Rb8 {[%emt 0:00:10]} 38. bxa4 {[%emt 0:00:05]} Bxa4 {[%emt 0:00:01]} 39. Rb2 {[%emt 0:00:02]} b3 {[%emt 0:00:05]} 40. axb3 {[%emt 0:00:01]} Rxb3 {[%emt 0:00:05]} 41. Rxb3 {[%emt 0:00:01]} Bxb3 {[%emt 0:00:01]} 42. exf5 {[%emt 0:00:07]} gxf5 {[%emt 0:00:19]} 43. c5 {[%emt 0:00:03]} Bc4 {[%emt 0:00:02]} 44. cxd6+ {[%emt 0:00:02]} Kxd6 {[%emt 0:00:00]} 45. Nf2 {[%emt 0:00:01]} Ke6 {[%emt 0:00:01]} 46. Nd1 {[%emt 0:00:02]} Bb3 {[%emt 0:00:06]} 47. Nc3 {[%emt 0:00:02]} Bc4 {[%emt 0:00:01]} 48. f4 {[%emt 0:00:01]} Kf6 {[%emt 0:00:03]} 49. Na4 {[%emt 0:00:03]} Ke6 {[%emt 0:00:12]} 50. Nc5+ {[%emt 0:00:08]} Kd6 {[%emt 0:00:01]} 51. Nb7+ {[%emt 0:00:04]} Ke6 {[%emt 0:00:19]} 52. Nc5+ {[%emt 0:00:07]} Kd6 {[%emt 0:00:02]} 53. Na4 {[%emt 0:00:01]} Ke6 {[%emt 0:00:02]} 54. Nb2 {[%emt 0:00:02]} Bb5 {[%emt 0:00:02]} 55. Nd1 {[%emt 0:00:01]} Kd5 {[%emt 0:00:03]} 56. Nf2 {[%emt 0:00:03]} Ke6 {[%emt 0:00:09]} 57. Nh3 {[%emt 0:00:02]} Kd5 {[%emt 0:00:07]} 58. Ng5 {[%emt 0:00:02]} Bd7 {[%emt 0:00:12]} 59. fxe5 {[%emt 0:00:06]} Kxe5 {[%emt 0:00:01]} 60. Nf3+ {[%emt 0:00:01]} Kf6 {[%emt 0:00:01]} 61. Kf4 {[%emt 0:00:09]} Bc8 {[%emt 0:00:01]} 62. Nd4 {[%emt 0:00:02]} Bd7 {[%emt 0:00:01]} 63. Nc2 {[%emt 0:00:01]} Bc8 {[%emt 0:00:02]} 64. Ne3 {[%emt 0:00:01]} Be6 {[%emt 0:00:01]} 65. Nf1 {[%emt 0:00:06]} Bd7 {[%emt 0:00:07]} 66. Nd2 {[%emt 0:00:02]} Bc8 {[%emt 0:00:02]} 67. Nc4 {[%emt 0:00:05]} Bd7 {[%emt 0:00:06]} 68. Ke3 {[%emt 0:00:10]} Be6 {[%emt 0:00:03]} 69. Nd2 {[%emt 0:00:02]} Bd5 {[%emt 0:00:11]} 70. Kf4 {[%emt 0:00:03]} Be6 {[%emt 0:00:03]} 71. Nf3 {[%emt 0:00:02]} Bc8 {[%emt 0:00:04]} 72. Nd4 {[%emt 0:00:01]} Bd7 {[%emt 0:00:02]} 73. Ke3 {[%emt 0:00:01]} Ke5 {[%emt 0:00:02]} 74. Ne2 {[%emt 0:00:01]} Be8 {[%emt 0:00:08]} 75. Nf4 {[%emt 0:00:03]} Bf7 {[%emt 0:00:02]} 76. Kd3 {[%emt 0:00:03]} Be8 {[%emt 0:00:03]} 77. Ke3 {[%emt 0:00:02]} Bf7 {[%emt 0:00:02]} 78. Nd3+ {[%emt 0:00:01]} Kf6 {[%emt 0:00:00]} 79. Kd4 {[%emt 0:00:00]} Be6 {[%emt 0:00:20]} 80. Nf4 {[%emt 0:00:05]} Bf7 {[%emt 0:00:02]} 81. Nh3 {[%emt 0:00:44]} Be6 {[%emt 0:00:09]} 82. Ng5 {[%emt 0:00:06]} Bg8 {[%emt 0:00:09]} 83. Ke3 {[%emt 0:00:01]} Bd5 {[%emt 0:00:03]} 84. Kf4 {[%emt 0:00:01]} Bc6 {[%emt 0:00:05]} 85. Nh7+ {[%emt 0:00:03]} Kg6 {[%emt 0:00:01]} 86. Ng5 {[%emt 0:00:18]} Kf6 {[%emt 0:00:02]} 1/2-1/2

[Event "Polgar Challenge 2021"]
[Site "Online"]
[Date "2021.04.04"]
[Round "3.6"]
[White "Liang, Awonder"]
[Black "Abdusattorov, Nodirbek"]
[Result "1/2-1/2"]
[WhiteElo "2592"]
[BlackElo "2627"]
[Annotator "TA"]
[PlyCount "120"]
[EventDate "2021.04.08"]
[EventType "tourn"]
[EventCountry "NET"]
[SourceTitle "playchess.com"]
[Source "ChessBase"]
[SourceQuality "1"]

{[%evp 17,120,41,38,22,31,0,3,0,12,-10,29,28,29,29,35,4,16,0,30,0,3,-14,-11,-19,-18,-58,-41,-52,-24,-22,0,-35,-32,-59,-4,-18,0,0,12,15,12,1,1,0,2,8,16,14,30,-36,-31,-37,-29,-54,-27,-58,-27,-31,-10,-71,-81,-106,-48,-46,-7,-14,-7,0,0,0,25,13,12,0,0,0,0,0,19,0,0,0,0,0,0,0,0,0,8,8,8,8,8,0,0,-8,-8,-8,-8,-8,8,8,8,-8,-8]} 1. Nf3 {Hjartarson,J} Nf6 2. g3 b6 3. Bg2 Bb7 4. O-O e6 5. c4 Be7 6. Nc3 O-O 7. Re1 Ne4 8. Nxe4 Bxe4 9. d3 Bb7 10. d4 {A17: English Opening: 1...Nf6 with ...Bb4.} Be4 11. Bf4 {[#]} d6 $146 ({Predecessor:} 11... Bf6 12. Qd2 d6 13. Rad1 Nd7 14. Qe3 d5 15. b4 c6 16. Rc1 b5 17. cxb5 cxb5 {½-½ (27) Hjartarson,J (2570)-Stefansson,H (2520) Reykjavik 1995 CBM 051 [Hjartarson,J]}) 12. h4 Nd7 13. Qd2 Bf6 14. Rad1 Qe7 15. Qe3 Bb7 16. Qa3 Be4 17. Qe3 Bb7 18. Qa3 Be4 19. d5 e5 20. Bc1 a5 21. Qe3 Bc2 22. Rd2 Bb1 23. b3 Nc5 24. Ba3 Bf5 25. Ng5 Bxg5 (25... e4 $15) 26. Qxg5 $11 Qxg5 27. hxg5 Ne4 28. Bxe4 Bxe4 29. Bb2 a4 30. b4 f6 31. f3 Bg6 32. gxf6 gxf6 33. g4 (33. a3 $11) 33... f5 $15 34. gxf5 Rxf5 35. c5 a3 36. Bc3 bxc5 37. bxc5 e4 38. fxe4 (38. cxd6 $11 cxd6 39. Bb4) 38... Rg5+ $17 {[%mdl 64] [#] Discovered Attack} 39. Kf2 Rf8+ ({Don't play} 39... Bxe4 40. cxd6 cxd6 41. Bb4 $11) ({Black should try} 39... dxc5 $17 {( -> ...Rf8+)} 40. Rdd1 Rf8+ 41. Ke3 Rg4) 40. Ke3 $15 Rg3+ (40... dxc5 {keeps more tension.} 41. Kd3 Rxd5+ 42. Kc4 Rxd2 43. Bxd2 Re8) 41. Kd4 Rf4 {[%csl Gg6][%cal Rf4e4]} 42. Kc4 Rxe4+ 43. Rd4 h5 (43... dxc5 {is more complex.} 44. Rxe4 Bxe4 45. Ba5 Rg7 46. Kxc5 h5) 44. Rxe4 Bxe4 $11 {[%mdl 4096] Endgame KRB-KRB. The position is equal.} 45. Ba5 (45. cxd6 {is interesting.} cxd6 46. Bb4 Rg6 47. Rf1 Rg5 48. Rd1) 45... Rg7 46. cxd6 cxd6 47. Bb4 Rg6 48. Kd4 Bg2 $1 49. Rg1 Rg4+ 50. Kc3 Bxd5 51. Rxg4+ hxg4 52. Bxa3 {KB-KB} g3 {[#] Strongly threatening ...g2.} 53. Bxd6 g2 54. Bh2 Bxa2 55. Kd2 Kf7 56. Ke1 Ke6 57. Kf2 Bd5 58. e4 g1=Q+ 59. Kxg1 Bxe4 60. Be5 Kxe5 {Weighted Error Value: White=0.15/Black=0.10} 1/2-1/2

[Event "Polgar Challenge 2021"]
[Site "Online"]
[Date "2021.04.04"]
[Round "3.7"]
[White "Yoo, Christopher Woojin"]
[Black "Khademalsharieh, Sarasadat"]
[Result "1-0"]
[WhiteElo "2455"]
[BlackElo "2494"]
[Annotator "ChessBase"]
[PlyCount "59"]
[EventDate "2021.04.08"]
[EventType "tourn"]
[EventCountry "NET"]
[SourceTitle "playchess.com"]
[Source "ChessBase"]
[SourceQuality "1"]
[TimeControl "600+5"]

1. e4 {[%emt 0:00:00]} e5 {[%emt 0:00:00]} 2. Nf3 {[%emt 0:00:00]} Nc6 {[%emt 0:00:00]} 3. d4 {[%emt 0:00:05]} exd4 {[%emt 0:00:00]} 4. c3 {[%emt 0:00:02]} d5 {[%emt 0:00:05]} 5. Bd3 {[%emt 0:00:02]} dxc3 {[%emt 0:00:31]} 6. exd5 {[%emt 0:00:03]} Qxd5 {[%emt 0:00:15]} 7. Nxc3 {[%emt 0:02:26]} Bb4 {[%emt 0:00:10]} 8. O-O {[%emt 0:00:50]} Bxc3 {[%emt 0:00:14]} 9. bxc3 {[%emt 0:00:00]} Bg4 {[%emt 0:00:54]} 10. c4 {[%emt 0:01:05]} Qd6 {[%emt 0:02:24]} 11. Qb3 {[%emt 0:03:20]} Bxf3 {[%emt 0:00:42]} 12. gxf3 {[%emt 0:00:12]} Nge7 {[%emt 0:02:56]} 13. Ba3 {[%emt 0:00:49]} Qf6 {[%emt 0:00:44]} 14. Qxb7 {[%emt 0:01:02]} O-O {[%emt 0:00:20]} 15. Qxc7 {[%emt 0:00:25]} Rfd8 {[%emt 0:00:30]} 16. Be4 {[%emt 0:00:39]} Rac8 {[%emt 0:00:06]} 17. Qg3 {[%emt 0:00:06]} Nd4 {[%emt 0:00:03]} 18. Kh1 {[%emt 0:00:06]} Nef5 {[%emt 0:00:05]} 19. Qh3 {[%emt 0:00:06]} Rxc4 {[%emt 0:00:04]} 20. Rad1 {[%emt 0:00:07]} Re8 {[%emt 0:00:16]} 21. Bb2 {[%emt 0:00:03]} Qb6 {[%emt 0:00:17]} 22. Bxd4 {[%emt 0:00:05]} Nxd4 {[%emt 0:00:05]} 23. Qxh7+ {[%emt 0:00:02]} Kf8 {[%emt 0:00:01]} 24. Qh8+ {[%emt 0:00:01]} Ke7 {[%emt 0:00:01]} 25. Qxg7 {[%emt 0:00:02]} Ne6 {[%emt 0:00:02]} 26. Qh6 {[%emt 0:00:06]} Rcc8 {[%emt 0:00:23]} 27. Qh4+ {[%emt 0:00:04]} Kf8 {[%emt 0:00:02]} 28. Rd7 {[%emt 0:00:02]} Qb2 {[%emt 0:00:13]} 29. Rg1 {[%emt 0:00:07]} Red8 {[%emt 0:00:10]} 30. Qe7# {[%emt 0:00:03]} 1-0

[Event "Polgar Challenge 2021"]
[Site "Online"]
[Date "2021.04.04"]
[Round "3.8"]
[White "Shuvalova, Polina"]
[Black "Abdumalik, Zhansaya"]
[Result "1/2-1/2"]
[WhiteElo "2476"]
[BlackElo "2472"]
[Annotator "ChessBase"]
[PlyCount "133"]
[EventDate "2021.04.08"]
[EventType "tourn"]
[EventCountry "NET"]
[SourceTitle "playchess.com"]
[Source "ChessBase"]
[SourceQuality "1"]
[TimeControl "600+5"]

1. d4 {[%emt 0:00:00]} Nf6 {[%emt 0:00:00]} 2. c4 {[%emt 0:00:00]} g6 {[%emt 0:00:00]} 3. Nc3 {[%emt 0:00:01]} d5 {[%emt 0:00:00]} 4. Nf3 {[%emt 0:00:01]} Bg7 {[%emt 0:00:00]} 5. Bg5 {[%emt 0:00:01]} Ne4 {[%emt 0:00:27]} 6. Bf4 {[%emt 0:00:04]} Nxc3 {[%emt 0:00:27]} 7. bxc3 {[%emt 0:00:00]} O-O {[%emt 0:00:08]} 8. e3 {[%emt 0:00:14]} c5 {[%emt 0:00:11]} 9. cxd5 {[%emt 0:00:05]} Qxd5 {[%emt 0:00:11]} 10. Be2 {[%emt 0:00:02]} cxd4 {[%emt 0:00:29]} 11. cxd4 {[%emt 0:00:01]} Nc6 {[%emt 0:00:04]} 12. O-O {[%emt 0:00:03]} Bf5 {[%emt 0:00:01]} 13. Qa4 {[%emt 0:00:01]} Qa5 {[%emt 0:00:02]} 14. Qxa5 {[%emt 0:00:02]} Nxa5 {[%emt 0:00:01]} 15. Nd2 {[%emt 0:00:07]} Rac8 {[%emt 0:00:19]} 16. g4 {[%emt 0:00:02]} Be6 {[%emt 0:01:21]} 17. Rfc1 {[%emt 0:00:11]} Rxc1+ {[%emt 0:00:31]} 18. Rxc1 {[%emt 0:00:01]} Rc8 {[%emt 0:00:00]} 19. Rxc8+ {[%emt 0:00:01]} Bxc8 {[%emt 0:00:01]} 20. d5 {[%emt 0:00:01]} e5 {[%emt 0:00:33]} 21. Bg3 {[%emt 0:00:59]} Kf8 {[%emt 0:00:18]} 22. g5 {[%emt 0:00:57]} Ke7 {[%emt 0:00:06]} 23. e4 {[%emt 0:01:33]} a6 {[%emt 0:00:43]} 24. f3 {[%emt 0:00:18]} b5 {[%emt 0:00:12]} 25. Kf1 {[%emt 0:02:03]} Bh3+ {[%emt 0:00:52]} 26. Ke1 {[%emt 0:00:03]} Kd6 {[%emt 0:00:22]} 27. Bf2 {[%emt 0:00:52]} h6 {[%emt 0:00:10]} 28. Be3 {[%emt 0:01:04]} hxg5 {[%emt 0:00:07]} 29. Bxg5 {[%emt 0:00:00]} Nb7 {[%emt 0:00:23]} 30. Nb3 {[%emt 0:00:08]} f6 {[%emt 0:00:33]} 31. Be3 {[%emt 0:00:02]} f5 {[%emt 0:00:05]} 32. Kd2 {[%emt 0:00:53]} f4 {[%emt 0:00:13]} 33. Ba7 {[%emt 0:00:14]} Kc7 {[%emt 0:00:19]} 34. Kc3 {[%emt 0:00:10]} Bf8 {[%emt 0:00:05]} 35. Bf2 {[%emt 0:00:38]} Be7 {[%emt 0:00:13]} 36. Kc2 {[%emt 0:00:25]} g5 {[%emt 0:00:07]} 37. Kc3 {[%emt 0:00:04]} Bd7 {[%emt 0:00:06]} 38. Nc1 {[%emt 0:00:14]} Nc5 {[%emt 0:00:47]} 39. Nd3 {[%emt 0:00:21]} Nxd3 {[%emt 0:00:16]} 40. Kxd3 {[%emt 0:00:10]} a5 {[%emt 0:00:12]} 41. Be1 {[%emt 0:00:25]} Kb6 {[%emt 0:00:04]} 42. Bc3 {[%emt 0:00:16]} Bd6 {[%emt 0:00:07]} 43. Kc2 {[%emt 0:00:15]} Bc8 {[%emt 0:00:11]} 44. Kb3 {[%emt 0:00:18]} Ba6 {[%emt 0:00:40]} 45. Be1 {[%emt 0:00:19]} a4+ {[%emt 0:00:28]} 46. Kb2 {[%emt 0:00:01]} Bc5 {[%emt 0:00:11]} 47. h4 {[%emt 0:00:06]} gxh4 {[%emt 0:00:27]} 48. Bxh4 {[%emt 0:00:00]} Bd4+ {[%emt 0:00:00]} 49. Kc2 {[%emt 0:00:01]} Bc8 {[%emt 0:00:28]} 50. Bd8+ {[%emt 0:00:06]} Kc5 {[%emt 0:00:03]} 51. Be7+ {[%emt 0:00:02]} Kb6 {[%emt 0:00:01]} 52. Bd8+ {[%emt 0:00:02]} Kc5 {[%emt 0:00:33]} 53. Be7+ {[%emt 0:00:02]} Kb6 {[%emt 0:00:01]} 54. Bd6 {[%emt 0:00:05]} Bd7 {[%emt 0:00:03]} 55. Be7 {[%emt 0:00:06]} Ka5 {[%emt 0:00:11]} 56. Bd8+ {[%emt 0:00:03]} Kb4 {[%emt 0:00:04]} 57. Be7+ {[%emt 0:00:07]} Ka5 {[%emt 0:00:01]} 58. a3 {[%emt 0:00:02]} Kb6 {[%emt 0:00:04]} 59. Bd8+ {[%emt 0:00:01]} Kc5 {[%emt 0:00:01]} 60. Be7+ {[%emt 0:00:01]} Kb6 {[%emt 0:00:01]} 61. Bd8+ {[%emt 0:00:06]} Kc5 {[%emt 0:00:02]} 62. Bf1 {[%emt 0:00:12]} Kd6 {[%emt 0:00:05]} 63. Ba5 {[%emt 0:00:09]} Bc5 {[%emt 0:00:13]} 64. Kb2 {[%emt 0:00:01]} Bd4+ {[%emt 0:00:01]} 65. Kc2 {[%emt 0:00:02]} Bc5 {[%emt 0:00:01]} 66. Kb2 {[%emt 0:00:06]} Bd4+ {[%emt 0:00:01]} 67. Kc2 {[%emt 0:00:08]} 1/2-1/2

[Event "Polgar Challenge 2021"]
[Site "Online"]
[Date "2021.04.04"]
[Round "3.9"]
[White "Bjerre, Jonas Buhl"]
[Black "Mendonca, Leon Luke"]
[Result "0-1"]
[WhiteElo "2550"]
[BlackElo "2549"]
[Annotator "ChessBase"]
[PlyCount "100"]
[EventDate "2021.04.08"]
[EventType "tourn"]
[EventCountry "NET"]
[SourceTitle "playchess.com"]
[Source "ChessBase"]
[SourceQuality "1"]
[TimeControl "600+5"]

1. d4 {[%emt 0:00:00]} Nf6 {[%emt 0:00:00]} 2. c4 {[%emt 0:00:00]} c6 {[%emt 0:00:00]} 3. Nf3 {[%emt 0:00:00]} d5 {[%emt 0:00:02]} 4. g3 {[%emt 0:00:01]} g6 {[%emt 0:00:51]} 5. Bg2 {[%emt 0:00:04]} Bg7 {[%emt 0:00:07]} 6. O-O {[%emt 0:00:03]} O-O {[%emt 0:00:01]} 7. b3 {[%emt 0:00:05]} a5 {[%emt 0:00:12]} 8. Nc3 {[%emt 0:00:08]} Bf5 {[%emt 0:02:33]} 9. Bb2 {[%emt 0:00:33]} Ne4 {[%emt 0:00:14]} 10. Ne5 {[%emt 0:00:35]} Nxc3 {[%emt 0:02:12]} 11. Bxc3 {[%emt 0:00:03]} Bxe5 {[%emt 0:00:50]} 12. dxe5 {[%emt 0:00:17]} dxc4 {[%emt 0:00:02]} 13. Qc1 {[%emt 0:01:41]} cxb3 {[%emt 0:00:03]} 14. axb3 {[%emt 0:00:06]} Nd7 {[%emt 0:00:05]} 15. e4 {[%emt 0:00:49]} Be6 {[%emt 0:00:08]} 16. f4 {[%emt 0:00:39]} Qb6+ {[%emt 0:01:02]} 17. Kh1 {[%emt 0:00:23]} f5 {[%emt 0:00:05]} 18. exf6 {[%emt 0:00:39]} exf6 {[%emt 0:00:01]} 19. f5 {[%emt 0:00:29]} gxf5 {[%emt 0:00:26]} 20. exf5 {[%emt 0:00:56]} Bxb3 {[%emt 0:00:18]} 21. Rb1 {[%emt 0:00:41]} a4 {[%emt 0:00:09]} 22. g4 {[%emt 0:00:57]} Rae8 {[%emt 0:00:39]} 23. g5 {[%emt 0:00:16]} Qe3 {[%emt 0:00:06]} 24. Bd2 {[%emt 0:00:54]} Qc5 {[%emt 0:00:12]} 25. Qxc5 {[%emt 0:00:46]} Nxc5 {[%emt 0:00:00]} 26. Bb4 {[%emt 0:00:01]} Re5 {[%emt 0:00:15]} 27. Bc3 {[%emt 0:00:08]} Ree8 {[%emt 0:00:32]} 28. Bb4 {[%emt 0:00:41]} b6 {[%emt 0:00:16]} 29. Bxc6 {[%emt 0:00:14]} Rc8 {[%emt 0:00:06]} 30. Bg2 {[%emt 0:00:06]} fxg5 {[%emt 0:00:02]} 31. f6 {[%emt 0:00:01]} Kf7 {[%emt 0:00:11]} 32. Bf3 {[%emt 0:00:06]} Kg6 {[%emt 0:00:07]} 33. Bg4 {[%emt 0:00:05]} Rcd8 {[%emt 0:00:25]} 34. Bf5+ {[%emt 0:00:08]} Kf7 {[%emt 0:00:01]} 35. Bg4 {[%emt 0:00:05]} Kg6 {[%emt 0:00:19]} 36. Rbe1 {[%emt 0:00:03]} Rde8 {[%emt 0:00:16]} 37. Rc1 {[%emt 0:00:14]} Re5 {[%emt 0:00:03]} 38. Bc3 {[%emt 0:00:02]} Rd5 {[%emt 0:00:05]} 39. Rce1 {[%emt 0:00:01]} h5 {[%emt 0:00:04]} 40. Bf3 {[%emt 0:00:02]} Rf5 {[%emt 0:00:02]} 41. Kg1 {[%emt 0:00:05]} g4 {[%emt 0:00:03]} 42. Bc6 {[%emt 0:00:03]} Rxf1+ {[%emt 0:00:03]} 43. Kxf1 {[%emt 0:00:02]} a3 {[%emt 0:00:10]} 44. Re7 {[%emt 0:00:03]} Rxf6+ {[%emt 0:00:05]} 45. Bxf6 {[%emt 0:00:04]} Kxf6 {[%emt 0:00:00]} 46. Ra7 {[%emt 0:00:04]} a2 {[%emt 0:00:01]} 47. Ra3 {[%emt 0:00:04]} Ke5 {[%emt 0:00:03]} 48. Ke2 {[%emt 0:00:01]} Kd4 {[%emt 0:00:00]} 49. Kd2 {[%emt 0:00:01]} h4 {[%emt 0:00:01]} 50. Kc1 {[%emt 0:00:30]} Kc3 {[%emt 0:00:02]} 0-1

[Event "Polgar Challenge 2021"]
[Site "Online"]
[Date "2021.04.04"]
[Round "3.10"]
[White "Gukesh D"]
[Black "Keymer, Vincent"]
[Result "1-0"]
[WhiteElo "2578"]
[BlackElo "2591"]
[Annotator "ChessBase"]
[PlyCount "163"]
[EventDate "2021.04.08"]
[EventType "tourn"]
[EventCountry "NET"]
[SourceTitle "playchess.com"]
[Source "ChessBase"]
[SourceQuality "1"]
[TimeControl "600+5"]

1. c4 {[%emt 0:00:00]} c6 {[%emt 0:00:00]} 2. e4 {[%emt 0:00:07]} d5 {[%emt 0:00:00]} 3. cxd5 {[%emt 0:00:02]} cxd5 {[%emt 0:00:00]} 4. exd5 {[%emt 0:00:01]} Nf6 {[%emt 0:00:02]} 5. Nc3 {[%emt 0:00:03]} Nxd5 {[%emt 0:00:08]} 6. Nf3 {[%emt 0:00:02]} Nc6 {[%emt 0:00:03]} 7. Bc4 {[%emt 0:00:22]} e6 {[%emt 0:00:24]} 8. O-O {[%emt 0:00:05]} Be7 {[%emt 0:00:02]} 9. d4 {[%emt 0:00:36]} O-O {[%emt 0:00:12]} 10. Qe2 {[%emt 0:00:50]} Nxc3 {[%emt 0:01:05]} 11. bxc3 {[%emt 0:00:02]} b6 {[%emt 0:00:07]} 12. Bd3 {[%emt 0:00:38]} Bb7 {[%emt 0:00:06]} 13. Qe4 {[%emt 0:01:31]} g6 {[%emt 0:00:03]} 14. Bh6 {[%emt 0:00:02]} Re8 {[%emt 0:00:03]} 15. Qg4 {[%emt 0:00:19]} Bf8 {[%emt 0:02:24]} 16. Bg5 {[%emt 0:00:31]} Qc8 {[%emt 0:00:31]} 17. Rac1 {[%emt 0:00:32]} Bg7 {[%emt 0:00:36]} 18. Qh4 {[%emt 0:00:06]} Qc7 {[%emt 0:01:05]} 19. Rfe1 {[%emt 0:01:23]} Ne7 {[%emt 0:00:56]} 20. Bf4 {[%emt 0:00:01]} Qd8 {[%emt 0:00:22]} 21. Qg3 {[%emt 0:03:16]} Nd5 {[%emt 0:00:33]} 22. Bg5 {[%emt 0:00:21]} Qc7 {[%emt 0:00:14]} 23. Qh4 {[%emt 0:00:38]} Rac8 {[%emt 0:00:04]} 24. c4 {[%emt 0:00:17]} Ne7 {[%emt 0:00:09]} 25. Ne5 {[%emt 0:00:06]} Nc6 {[%emt 0:00:30]} 26. Ng4 {[%emt 0:00:03]} f5 {[%emt 0:00:48]} 27. Nf6+ {[%emt 0:00:02]} Bxf6 {[%emt 0:00:01]} 28. Bxf6 {[%emt 0:00:00]} Qf7 {[%emt 0:00:01]} 29. d5 {[%emt 0:00:12]} Nb4 {[%emt 0:00:10]} 30. Bb1 {[%emt 0:00:05]} exd5 {[%emt 0:00:10]} 31. Rxe8+ {[%emt 0:00:02]} Qxe8 {[%emt 0:00:31]} 32. Qh6 {[%emt 0:00:09]} Qf8 {[%emt 0:00:13]} 33. Qh4 {[%emt 0:00:09]} Qe8 {[%emt 0:00:21]} 34. Qh6 {[%emt 0:00:05]} Qf7 {[%emt 0:00:07]} 35. Bc3 {[%emt 0:00:04]} Rxc4 {[%emt 0:00:12]} 36. a3 {[%emt 0:00:04]} Na6 {[%emt 0:00:35]} 37. Bd3 {[%emt 0:00:07]} Rc8 {[%emt 0:00:06]} 38. Bb2 {[%emt 0:00:04]} Nc5 {[%emt 0:00:02]} 39. Bf1 {[%emt 0:00:03]} Rd8 {[%emt 0:00:05]} 40. Qh4 {[%emt 0:00:02]} Re8 {[%emt 0:00:04]} 41. Qd4 {[%emt 0:00:02]} Kf8 {[%emt 0:00:06]} 42. Qh8+ {[%emt 0:00:02]} Ke7 {[%emt 0:00:02]} 43. Re1+ {[%emt 0:00:10]} Ne6 {[%emt 0:00:07]} 44. Qe5 {[%emt 0:00:07]} Kf8 {[%emt 0:00:08]} 45. Bb5 {[%emt 0:00:02]} Rc8 {[%emt 0:00:08]} 46. Qd6+ {[%emt 0:00:12]} Qe7 {[%emt 0:00:03]} 47. Rxe6 {[%emt 0:00:04]} Qxd6 {[%emt 0:00:02]} 48. Rxd6 {[%emt 0:00:01]} Rc2 {[%emt 0:00:05]} 49. Rd8+ {[%emt 0:00:04]} Ke7 {[%emt 0:00:02]} 50. Rd7+ {[%emt 0:00:01]} Ke6 {[%emt 0:00:00]} 51. Rxb7 {[%emt 0:00:01]} Rxb2 {[%emt 0:00:01]} 52. Bf1 {[%emt 0:00:01]} d4 {[%emt 0:00:13]} 53. Rxa7 {[%emt 0:00:04]} Rb1 {[%emt 0:00:02]} 54. Ra8 {[%emt 0:00:05]} Ke7 {[%emt 0:00:08]} 55. Ra4 {[%emt 0:00:02]} Rd1 {[%emt 0:00:05]} 56. g3 {[%emt 0:00:04]} d3 {[%emt 0:00:13]} 57. Rd4 {[%emt 0:00:03]} d2 {[%emt 0:00:07]} 58. Kg2 {[%emt 0:00:01]} Ke6 {[%emt 0:00:04]} 59. Be2 {[%emt 0:00:08]} Ra1 {[%emt 0:00:04]} 60. Rxd2 {[%emt 0:00:01]} Rxa3 {[%emt 0:00:01]} 61. Rb2 {[%emt 0:00:01]} f4 {[%emt 0:00:01]} 62. Rxb6+ {[%emt 0:00:01]} Ke5 {[%emt 0:00:05]} 63. Rb5+ {[%emt 0:00:01]} Kf6 {[%emt 0:00:00]} 64. gxf4 {[%emt 0:00:02]} Rc3 {[%emt 0:00:03]} 65. Bf3 {[%emt 0:00:02]} h6 {[%emt 0:00:05]} 66. Rb6+ {[%emt 0:00:08]} Kf5 {[%emt 0:00:03]} 67. Kg3 {[%emt 0:00:07]} h5 {[%emt 0:00:02]} 68. Rb5+ {[%emt 0:00:09]} Kf6 {[%emt 0:00:01]} 69. h4 {[%emt 0:00:03]} Ra3 {[%emt 0:00:08]} 70. f5 {[%emt 0:00:07]} gxf5 {[%emt 0:00:05]} 71. Rb6+ {[%emt 0:00:03]} Kg7 {[%emt 0:00:05]} 72. Kf4 {[%emt 0:00:18]} Ra2 {[%emt 0:00:29]} 73. Kg5 {[%emt 0:00:13]} Rxf2 {[%emt 0:00:01]} 74. Rb7+ {[%emt 0:00:01]} Kg8 {[%emt 0:00:05]} 75. Kg6 {[%emt 0:00:15]} Kf8 {[%emt 0:00:06]} 76. Kf6 {[%emt 0:00:01]} Ke8 {[%emt 0:00:01]} 77. Bxh5+ {[%emt 0:00:01]} Kd8 {[%emt 0:00:01]} 78. Bg6 {[%emt 0:00:03]} f4 {[%emt 0:00:02]} 79. h5 {[%emt 0:00:01]} f3 {[%emt 0:00:09]} 80. h6 {[%emt 0:00:03]} Rh2 {[%emt 0:00:04]} 81. Kg7 {[%emt 0:00:06]} f2 {[%emt 0:00:14]} 82. Rf7 {[%emt 0:00:01]} 1-0